000 00665nam a22002417a 4500
999 _c406756
_d406756
001 120740
003 UA-OsUOA
005 20200217162130.0
007 ta
008 20170214b un ||||| |||| 00| 0 ukr d
040 _aUA-OsUOA
_bukr
_cUA-OsUOA
_dUA-OsUOA
041 _aukr
080 _a821.161.2
090 _a821.161.2
_bЯ22
100 _aЯворівський В.
245 _aІ засурмив янгол...
260 _aК.
_bГлобус
_c1993
300 _a319 с.
650 7 _a82 Література. Літературознавство
_2UDC
942 _cBK
_2udc
955 _a3